000 00465nam a22001817a 4500
003 MPLRDC
005 20220104170648.0
008 210129b ||||| |||| 00| 0 eng d
020 _a0-07-065264-2
082 _a494.21 RIE 1986
100 _aAL RIES, ETC.
245 _aPOSITIONING: THE BATTLE FOR YOUR MIND
_c
250 _a再版
260 _a
_bMCGRAW-HILL
_c1986
300 _b
650 _a管理组织--最高执行者
942 _cBK
_o494.21 RIE 1986
999 _c58064
_d58054